Idioms in Business Negotiations
Lingvistický aspekt obchodných rokovaní, so zameraním na používanie idiómov pri obchodných rokovaniach, s prehľadom konkrétnych príkladov idiómov používaných v obchodných rokovaniach v anglickom jazyku. Rokovanie ako zásadná aktivita najmä v medzinárodnom obchodnom styku. Ovládanie špecifických komu...
Na minha lista:
| Autor principal: | |
|---|---|
| Formato: | Capítulo de Livro |
| Idioma: | inglês |
| Assuntos: | |
| Tags: |
Sem tags, seja o primeiro a adicionar uma tag!
|
MARC
| LEADER | 00000naa$a2200000$$$4500 | ||
|---|---|---|---|
| 001 | 0278286 | ||
| 005 | 20260217084455.0 | ||
| 041 | 0 | |a eng | |
| 044 | |a CZ | ||
| 245 | 1 | 0 | |a Idioms in Business Negotiations |c Žaneta Pavlíková |
| 520 | |a Lingvistický aspekt obchodných rokovaní, so zameraním na používanie idiómov pri obchodných rokovaniach, s prehľadom konkrétnych príkladov idiómov používaných v obchodných rokovaniach v anglickom jazyku. Rokovanie ako zásadná aktivita najmä v medzinárodnom obchodnom styku. Ovládanie špecifických komunikačných a diplomatických schopností vyjednávačmi v medzinárodnom obchode, aby sa dokázali vyhnúť slepým uličkám v komunikácii a viesť rokovanie profesionálne. | ||
| 610 | 2 | 0 | |a jazyk diplomatický |
| 610 | 2 | 0 | |a jazyk obchodný |
| 610 | 2 | 0 | |a jazyky cudzie |
| 610 | 2 | 0 | |a angličtina |
| 610 | 2 | 0 | |a rokovania obchodné |
| 610 | 2 | 0 | |a vyjednávanie |
| 610 | 2 | 0 | |a komunikácia obchodná |
| 610 | 2 | 0 | |a jazykoveda |
| 610 | 2 | 0 | |a frazeológia |
| 100 | 1 | |a Pavlíková, Žaneta, 1973- | |